Southville International School and Colleges
Your cart is empty.
  • Cart
  • Lists
    Public lists Eva Luna New books Lux_list list_1
    Your lists Log in to create your own lists
  • Log in to your account
  • Your cookies
  • Search history
Southville International School and Colleges
  • Advanced search
  • Recent comments
  • Most popular
  • Libraries

Log in to your account

Log in with GOOGLE


If you do not have an external account, but do have a local account, you can still log in:

  1. Home
  2. MARC view: Healing and preventing autism :
Normal view MARC view ISBD view

Healing and preventing autism : (Record no. 15427)

[ view plain ]
MARC details
000 -LEADER
fixed length control field 01081cam a2200313 a 4500
001 - CONTROL NUMBER
control field 15611573
003 - CONTROL NUMBER IDENTIFIER
control field OSt
005 - DATE AND TIME OF LATEST TRANSACTION
control field 20140310182728.0
008 - FIXED-LENGTH DATA ELEMENTS--GENERAL INFORMATION
fixed length control field 090204s2009 nyuab b 001 0 eng
010 ## - LIBRARY OF CONGRESS CONTROL NUMBER
LC control number 2009004159
020 ## - INTERNATIONAL STANDARD BOOK NUMBER
International Standard Book Number 9780525951032 (hardcover)
020 ## - INTERNATIONAL STANDARD BOOK NUMBER
International Standard Book Number 9780452295926
020 ## - INTERNATIONAL STANDARD BOOK NUMBER
Cancelled/invalid ISBN 9780525950132
035 ## - SYSTEM CONTROL NUMBER
System control number (OCoLC)ocn268795195
040 ## - CATALOGING SOURCE
Original cataloging agency DLC
Transcribing agency DLC
Modifying agency YDX
-- BTCTA
-- OCO
-- ZS3
-- UPZ
-- SGB
-- YDXCP
-- VP@
-- DLC
050 00 - LIBRARY OF CONGRESS CALL NUMBER
Classification number RJ 506.A9
Item number .M42527 2009
100 1# - MAIN ENTRY--PERSONAL NAME
Personal name McCarthy, Jenny.
Dates associated with a name 1972-
245 10 - TITLE STATEMENT
Title Healing and preventing autism :
Remainder of title a complete guide /
Statement of responsibility, etc Jenny McCarthy and Jerry Kartzinel.
260 ## - PUBLICATION, DISTRIBUTION, ETC. (IMPRINT)
Place of publication, distribution, etc New York :
Name of publisher, distributor, etc Plume Book:
Date of publication, distribution, etc 2009.
300 ## - PHYSICAL DESCRIPTION
Extent 400 p. :
Other physical details ill., map ;
Dimensions 25 cm.
521 ## - TARGET AUDIENCE NOTE
Target audience note
650 #0 - SUBJECT ADDED ENTRY--TOPICAL TERM
Topical term or geographic name as entry element Autism in children
Form subdivision Popular works.
700 1# - ADDED ENTRY--PERSONAL NAME
Personal name Kartzinel, Jerry.
906 ## - LOCAL DATA ELEMENT F, LDF (RLIN)
a 7
b cbc
c orignew
d 1
e ecip
f 20
g y-gencatlg
942 ## - ADDED ENTRY ELEMENTS (KOHA)
Source of classification or shelving scheme Library of Congress Classification
Koha item type Books
Call number prefix Foreign
Holdings
Withdrawn status Lost status Source of classification or shelving scheme Damaged status Home library Current library Shelving location Date acquired Source of acquisition Total Checkouts Full call number Barcode Date last seen Copy number Price effective from Koha item type
    Library of Congress Classification   College Library College Library General Circulation Section 01/01/2014 Donation   RJ 506.A9 .M42527 2009 C13866 05/15/2018 1 03/10/2014 Books
    Library of Congress Classification   College Library College Library General Circulation Section 11/27/2013     RJ 506.A9 .M42527 2009 C11897 05/15/2018 2 11/27/2013 Books

Healing and preventing autism :

APA

McCarthy J., Kartzinel J., . (2009). Healing and preventing autism. New York: Plume Book.

Chicago

McCarthy Jenny, Kartzinel Jerry, . 2009. Healing and preventing autism. New York: Plume Book.

Harvard

McCarthy J., Kartzinel J., . (2009). Healing and preventing autism. New York: Plume Book.

MLA

McCarthy Jenny, Kartzinel Jerry, . Healing and preventing autism. New York: Plume Book. 2009.

  • Place hold
  • Print
  • Cite
  • Add to your cart (remove)
  • Save record
    BIBTEX Dublin Core MARCXML MARC (non-Unicode/MARC-8) MARC (Unicode/UTF-8) MARC (Unicode/UTF-8, Standard) MODS (XML) RIS
  • More searches
    Search for this title in:
    Other Libraries (WorldCat) Other Databases (Google Scholar) Online Stores (Bookfinder.com) Open Library (openlibrary.org)

Exporting to Dublin Core...

SOUTHVILLE LIBRARY

Southville International School and Colleges Library

1281 Tropical Ave. Cor. Luxembourg St., BF Homes International, Las Pinas City

Tel. No. 8256374 / 252358 Loc. 117/146

Powered by Koha